00239nam a2200085Ia 4500008004100000041000800041100001600049245005400065260003400119230508s2006 xx 000 0 und d aeng aLAL JAGDISH aFLUID MECHANICS AND HYDRAULICS WITH COMPUTER APP. bMETROPOLTIAN BOOKc2006g2006